| 000 | 00720nam a2200193 a 4500 | ||
|---|---|---|---|
| 005 | 20210219161709.0 | ||
| 008 | 130313s2001 mx r 000 0 spa d | ||
| 020 | _a9701838793 | ||
| 020 | _a9701875117 (Índice de desarrollo social de los pueblos indígenas) | ||
| 035 | _aUPN01000190259 | ||
| 049 | _aUNE | ||
| 080 | 4 | _a391/397 (72) "2001" DEL | |
| 100 | 1 | _aDe la Vega Estrada, Sergio | |
| 245 | 1 | 0 |
_aÍndice de desarrollo social de los pueblos indígenas / _cSergio de la Vega Estrada. |
| 260 |
_aMéxico : _bINI; _bPNUD, _c2001. |
||
| 300 |
_a107+61 p. ; _bil., maps., tabl. _ec.d. |
||
| 440 | 0 | _aColección estado de desarrollo económico y social de los pueblos indígenas de México | |
| 500 | _aincluye anexos | ||
| 999 |
_c162362 _d162362 |
||